Loading...
| Science - Physics | 1 | 7 | 0 | 0 | 85 | 48 | 91.13 | 8 | 8 |
| Science - Biology | 0 | 4 | 0 | 1 | 40 | 94 | 110.75 | 1 | 4 |
| Current Events | 1 | 2 | 0 | 1 | 35 | 21 | 94.67 | 2 | 3 |
| Mythology | 1 | 1 | 0 | 0 | 25 | 92 | 92.50 | 2 | 2 |
| Geography | 1 | 1 | 0 | 1 | 25 | 51 | 96.50 | 1 | 2 |
| Social Science | 0 | 2 | 0 | 0 | 20 | 90 | 119.50 | 1 | 2 |
| Fine Arts - Other Fine Arts | 0 | 2 | 0 | 0 | 20 | 95 | 121.00 | 1 | 2 |
| Science - Chemistry | 1 | 2 | 3 | 1 | 20 | 40 | 90.00 | 2 | 3 |
| Science - Other Science | 0 | 2 | 0 | 0 | 20 | 94 | 112.50 | 2 | 2 |
| Science - Math | 0 | 1 | 0 | 0 | 10 | 119 | 119.00 | 0 | 1 |
| Literature - Misc Literature | 0 | 1 | 0 | 0 | 10 | 88 | 88.00 | 1 | 1 |
| Literature - Drama | 0 | 1 | 0 | 0 | 10 | 100 | 100.00 | 1 | 1 |
| Philosophy | 0 | 1 | 0 | 0 | 10 | 117 | 117.00 | 1 | 1 |
| Other Academic | 0 | 1 | 0 | 0 | 10 | 121 | 121.00 | 0 | 1 |
| Literature - Poetry | 0 | 1 | 0 | 0 | 10 | 121 | 121.00 | 1 | 1 |
| History - World History | 0 | 0 | 1 | 0 | -5 | 0.00 | 0 | 0 |